000 00400nam a22001697a 4500
003 MPLRDC
005 20220104123256.0
008 210129b ||||| |||| 00| 0 eng d
082 _a802.791 WX
100 _a维新书局编辑部
245 _a应用文
_c
250 _a二版
260 _a
_b维新书局
_c1970
300 _b
650 _a华语作文--应用文
942 _cBK
_o802.791 WX
999 _c9988
_d9978